000 00714nam a2200289Ia 4500
005 20260324145347.0
008 008 260324s9999 xx 000 0 eng d
020 _a9780203988770
037 _aEBOOK
040 _aCRL
040 _beng
040 _cCRL
041 _2eng
041 _aeng
084 _qCRL
100 _aG. Ram Reddy; V. V. Ramanadham
_91222686
245 0 _aGovernment and Public Enterprise
245 0 _bEssays in Honour of Professor V.V. Ramanadham
260 _bTaylor and Francis
260 _c1983
365 _a
365 _b230
856 _uhttp://www.taylorfrancis.com/books/9780203988770
942 _cEBOOK
999 _c1830487
_d1830487